Снятие с эксплуатации и демонтаж исследовательского реактора Норильского ГМК; Атомная энергия; Т. 95, вып. 2

Bibliografiska uppgifter
Parent link:Атомная энергия: теоретический и научно-технический журнал/ Российская академия наук ; Министерство РФ по атомной энергии, ядерного общества.— , 1956-.— 0004-7163
Т. 95, вып. 2.— 2003.— с. 88-95
Övriga upphovsmän: Симановский Ю. М., Сафутин В. Д., Токаренко А. И., Хмельщиков В. В., Чепурной Ю. А.
Språk:ryska
Publicerad: 2003
Serie:Статьи
Ämnen:
Materialtyp: Bokavsnitt
KOHA link:https://koha.lib.tpu.ru/cgi-bin/koha/opac-detail.pl?biblionumber=425950

MARC

LEADER 00000naa2a2200000 4500
001 425950
005 20231101074458.0
035 |a (RuTPU)RU\TPU\prd\84621 
035 |a RU\TPU\prd\18302 
090 |a 425950 
100 |a 20100625a2003 k y0rusy50 ca 
101 0 |a rus 
102 |a RU 
200 1 |a Снятие с эксплуатации и демонтаж исследовательского реактора Норильского ГМК  |f Ю. М. Симановский, В. Д. Сафутин, А. И. Токаренко и др. 
225 1 |a Статьи 
320 |a Библиогр.: 6 назв. 
461 1 |0 (RuTPU)RU\TPU\prd\33  |x 0004-7163  |t Атомная энергия  |o теоретический и научно-технический журнал  |f Российская академия наук ; Министерство РФ по атомной энергии, ядерного общества  |d 1956- 
463 1 |0 (RuTPU)RU\TPU\prd\84619  |t Т. 95, вып. 2  |v с. 88-95  |d 2003 
610 1 |a ядерные реакторы 
610 1 |a Норильский горно-металлургический комбинат 
610 1 |a демонтаж 
610 1 |a стационарное хранилище 
610 1 |a отходы 
675 |a 621.311.25.004.7  |v 3 
701 1 |a Симановский  |b Ю. М. 
701 1 |a Сафутин  |b В. Д. 
701 1 |a Токаренко  |b А. И. 
701 1 |a Хмельщиков  |b В. В. 
701 1 |a Чепурной  |b Ю. А. 
801 1 |a RU  |b 63413507  |c 20031013  |g PSBO 
801 2 |a RU  |b 63413507  |c 20100625  |g RCR 
942 |c BK